01946nam a2200433 i 4500003000900000005001700009008004100026035000900067040003600076041000800112044000800120046000900128080001500137084001100152100003300163245020700196246011600403260002900519300003900548336002700587337005400614338002800668500002300696502007500719504003800794520025700832650003601089650004001125650005201165653003201217658003401249655002301283700003601306700004201342710004901384942001301433999001501446952005101461KOSZ 00520200616113400.0151012s2003 ru a f m |000 0 rusod a2345 cKOSZ 005aKOSZ 005dKOSZ 005/EG arus aRUS a2003 a658.14/.17 a0700001 aGiętkowska, Danuta.eAutor10aFormirovanie mehanizma èkonomičeskoj ustojčivosti predpriâtij promyšlennosti (na primere Polši) :bdissertaciâ /cGentkovska Danuta Eva ; Moskovskij Gosudarstvennyj Social'nyj Universitet.30aKształtowanie mechanizmu stabilności ekonomicznej przedsiębiorstw przemysłowych (na przykładzie Polski)  aMoskva :b[s.n.],c2003. a161 stron :bilustracje ;c30 cm.  2rdacontentaTekstbtxt 2rdamediaaBez urządzenia pośredniczącegobn 2rdacarrieraWoluminbnc aDruk jednostronny. aRozprawa doktorska. Moskiewski Państwowy Uniwersytet Socjalny. 2003. aBibliografia na stronach 153-161. aPraca przedstawia teoretyczno-metodologiczne aspekty stabilności funkcjonowania polskich przedsiębiorstw w okresie transformacji ustrojowej. Omawia kierunki i metody prowadzenia ekonomicznie stabilnych przedsiębiorstw w niestabilnym środowisku. aPrzedsiębiorstwo - ekonomika. 0aPrzedsiębiorstwo - zarządzanie. 0aTransformacja systemu społeczno-gospodarczego. aKapitał przedsiębiorstwa aGospodarka, ekonomia, finanse 4aRozprawa doktorska1 aDeluga, Włodzimierz.ePromotor1 aIvanov, Arkadij Pavlovič.ePromotor2 aMoskiewski Państwowy Uniwersytet Socjalny. cDOK2UKD c2345d2345 00104071aBPKbBPKcioRD 070p00901116yDOK